000 00556nam a22001817a 4500
005 20251108175809.0
008 250721s9999 xx 000 0 ara d
082 1 4 _aم/923.6/روس
100 1 _aروسو، جان جاك
245 1 0 _aالاعترافات /
264 1 _aالجيزة :
_bبيت الياسمين للنشر و التوزيع،
_c202.
300 _a712ص.
650 1 7 _aالتراجم
650 1 7 _aالمصلحون الاجتماعيون
700 1 _aخليل، محمد بدرالدين
942 _2ddc
_cREF
999 _c142667
_d142667